000 00686nam a2200241Ia 4500
003 OSt
005 20220918201242.0
006 a|||||r|||| 00| 0
007 ta
008 220917b |||||||| |||| 00| 0 eng d
024 _a92,654
037 _cTextual
040 _aARTS
_cARTS
_beng
041 _2eng
_aeng
082 _aV1:1944:N7, L1
110 _aStockholm International Peace Research Institute
_997712
245 0 _aArms trade with the third World
260 _aLondon
_bPaul Elek
_c1971
650 _aHISTORY
700 _aStockholm International Peace Research Institute
_997713
942 _hV1:1944:N7, L1
_cTEXL
_2CC
999 _c216305
_d216305